000 002670000a22000970004500
100 1 _aDa Silveira, Abival Pires
245 1 0 _aProspect : Priorites for the future
300 _aVol. 46, Num 4 (Diciembre, 1996), Páginas 157-159
773 0 _tReformed World
942 _cANA
999 _c55469
_d55469